00470nam a22001335a 4500020003800000082003000038100002100068245009300089250001200182260004000194300002800234526003700262526003700299 a0618604499 (main ap student text) a320.3321bKEScN,01,P-1561 aKesselman, Mark.10aIntroduction to comparative politics /cMark Kesselman, Joel Krieger, William A. Joseph. a4th ed. aBoston, MA :bHoughton Mifflin Co., axxviii,700Pbillc26 CM a0b0c0d320_332100000000000_KES a0b0c0d320_332100000000000_KES